Goralský zverokruh kalamitné drevo zo školských lesov v umeleckej podobe

Bibliographic Details
Main Author: Dugas, Dionýz, 1941- (Author)
Format: Article
Language:Slovak
PhysicalDescription:Fotogr.
ISSN:1336-4030
Subjects:
Online Access:www.vecernik.po.sk

MARC

LEADER 00000nab a2200000 a 4500
001 vtls008852765
003 SK-MaSNL
005 20260305033025.0
008 061006c20060809xo dr n 000 00slo
038 |a SVKPOCL 
040 |a SVKPOCL  |b slo  |c AACR2  |e AACR2 
041 |a slo 
044 |a xo  |c SK 
080 |a 745.51  |2 2001 
080 |a 730  |2 2001 
100 1 |a Dugas, Dionýz,  |d 1941-   |4 aut  |9 105914 
245 1 0 |a Goralský zverokruh  |b kalamitné drevo zo školských lesov v umeleckej podobe  |c text a foto: Dionýz Dugas 
300 |a Fotogr. 
600 1 7 |a Kocúrek, Cyril  |t Goralský zverokruh  |2 svkpocl  |9 1613019 
610 2 7 |a Chata Pieniny (Lesnica, Slovensko)  |2 svkpocl  |9 1022651 
648 7 |a 5. august 2006  |2 svkpocl  |9 1613020 
650 0 7 |a drevené plastiky zverokruhu  |2 svkpocl  |9 1613021 
650 0 7 |a expozície  |2 svkpocl  |9 29734 
651 7 |a Lesnica (Slovensko)  |2 svkpocl  |9 56924 
651 7 |a Stará Ľubovňa (Slovensko : okres)  |2 svkpocl  |9 19196 
773 0 |t Prešovský večerník  |g Roč. XVII, č. 4015 (9.8.2006), s. 2  |x 1336-4030 
852 |a SVKPO  |b KIS3GCP 
856 4 1 |u www.vecernik.po.sk 
958 |a RG 
999 |c 3322513  |d 3324443